Statistics for Languages - 10 biggest slavic languages

Click here to take the quiz!

General Stats

  • This quiz has been taken 303 times
  • The average score is 9 of 10

Answer Stats

HintAnswer% Correct
160 millionRussian
100%
42,7 millionPolish
97%
11,1 millionSerbian
96%
39,5 millionUkrainian
96%
11,5 millionCzech
95%
6,2 millionCroatian
93%
5 millionSlovak
93%
9 millionBulgarian
92%
9 millionBelarusian
83%
4 millionBosnian
83%

Score Distribution

Percentile by Number Answered

Percent of People with Each Score

Your Score History

You have not taken this quiz